000 00402nam a2200097Ia 4500
008 180130s9999 xx 000 0 und d
245 _cCantwell, John; Smeets, Roger
_aFDI motives and host country productivity effects of US MNEs
260 _c2013
300 _aBook title: Innovation and creativity : pillars of the future global economy--Acession number C17287; pages 173-195
650 _aGLOBAL ECONOMY
999 _c354586
_d354586